NFL quarterbacks who posted perfect passer rating - Statistics

General Stats
  • This quiz has been taken 29 times
    5 since last reset
  • The average score is 43 of 69
Answer Stats
Hint Answer % Correct
Green Bay Packers (2005-2022) Aaron Rodgers
100%
Kansas CIty Chiefs (2013-2017) Alex Smith
100%
Tampa Bay Buccaneers(2023-present) Baker Mayfield
100%
Pittsburgh Steelers (2004-2021)(4x) Ben Roethlisberger
100%
San Francisco(2022-present) Brock Purdy
100%
Dallas Cowboys (2016-present) Dak Prescott
100%
Philadelphia Eagles (1999-2009) Donovan Mcnabb
100%
New York Giants (2004-2019) Eli Manning
100%
New York Jets (2013-2016) Geno Smith
100%
Philadelphia Eagles (2020-present) Jalen Hurts
100%
Baltimore Colts (1956-1972) Johnny Unitas
100%
Buffalo Bills (2018-present) Josh Allen
100%
Washington Redskins (2012-2017) Kirk Cousins
100%
Arizona Cardinals (2019-present) Kyler Murray
100%
Baltimore Ravens (2018-present) (3x) Lamar Jackson
100%
Philadelphia Eagles (2012-2014,2017-2018) Nick Foles
100%
Indianapolis Colts (1998-2011)(4x) Peyton Manning
100%
Seattle Seahawks (2012-2021) Russell Wilson
100%
New England Patriots (2000-2019)(3x) Tom Brady
100%
San Diego Chargers (1973-1987) Dan Fouts
80%
Houston Texans (2017-2021) Deshaun Watson
80%
New England Patriots (1993-2001) Drew Bledsoe
80%
New Orleans Saints (2006-2020) Drew Brees
80%
Cleveland Browns (1962-1968) Frank Ryan
80%
Los Angeles Rams (2016-2020)(2x) Jared Goff
80%
San Francisco 49ers (1979-1992) Joe Montana
80%
New York Jets (1965-1976) Joe Namath
80%
Cincinnati Bengals (1971-1986) Ken Anderson
80%
Kansas City Chiefs (1962-1975) Len Dawson
80%
Cleveland Browns (1946-1955) Otto Graham
80%
Washington Redskins (2012-2015) Robert Griffin iii
80%
Miami Dolphins (2012-2018) Ryan Tannehill
80%
Washington Redskins (1937-1952) Sammy Baugh
80%
San Francisco 49ers (1987-1999) Steve Young
80%
Pittsburgh Steelers (1970-1983) Terry Bradshaw
80%
Kansas City Chiefs (2001-2006) Trent Green
80%
Cleveland Browns (1974-1983) Brian Sipe
60%
New York Jets (2000-2007) Chad Pennington
60%
Dallas Cowboys (1965-1973)(2x) Craig Morton
60%
Oakland Raiders (1967-1974) Daryle Lamonica
60%
Seattle Seahawks(1980-1991)(2x) Dave Krieg
60%
New York Giants (1999-2003) Kerry Collins
60%
St Louis Rams (1998-2003)(3x) Kurt Warner
60%
Tennessee Tirans (2015-2019) Marcus Mariota
60%
Washington Redskins (1964-1974) Sonny Jurgensen
60%
New England Patriots (1975-1990) Steve Grogan
60%
New York Giants (1961-1964) Y A Tittle
60%
Miami Dolphins (1967-1980) Bob Griese
40%
Dallas Cowboys (1960-1968) Don Meredith
40%
Buffalo Bills (1998-2000) Doug Flutie
40%
Cincinnati Bengals (1994-1999) Jeff Blake
40%
St Louis Cardinals (1966-1983) Jim Hart
40%
New York Jets (1983-1992)(2x) Ken O'Brien
40%
Minnesota Vikings (1987-1992) Rich Gannon
40%
Atlanta Falcons (1975-1985) Steve Bartkowski
40%
Atlanta Falcons (1993-1996) Bobby Hebert
20%
Houston Oilers (1995-1996) Chris Chandler
20%
New York Giants (1967-1971) Fran Tarkenton
20%
Los Angeles Rams (1973-1976) James Harris
20%
Cleveland Browns (1957-1961) Milt Plum
20%
Atlanta Falcons (1973-1974) Bob Lee
0%
Tampa Bay Buccaneers (1992-1994) Craig Erickson
0%
Atlanta Falcons (1971-1973) Dick Shiner
0%
Cleveland Browns (1952-1956) George Ratterman
0%
Chicago Cardinals (1959) MC Reynolds
0%
New Orleans Saints (1990-1993) Mike Buck
0%
Chicago Cardinals (1941, 1946-1948) Ray Mallouf
0%
Atlanta Falcons (1976-1978) Scott Hunter
0%
Chicago Bears (1977-1983) Vince Evans
0%
No matching quizzes found
Score Distribution
Percent of People with Each Score
Percentile by Number Answered
Your Score History
You have not taken this quiz since the last reset